[Event "Leeds Civil Service-ch 9th"]
[Site "Leeds"]
[Date "1999.??.??"]
[Round "2"]
[White "Lane, NS."]
[Black "Coleman, Geoffrey M"]
[Result "0-1"]
[WhiteElo "1910"]
[BlackElo "1750"]
[PlyCount "28"]
[EventDate "1999.??.??"]
[EventType "swiss"]
[EventRounds "5"]
[EventCountry "ENG"]
[SourceTitle "EXT 2000"]
[Source "ChessBase"]
[SourceDate "1999.11.16"]
[SourceVersion "1"]
[SourceVersionDate "1999.11.16"]
[SourceQuality "1"]

1. e4 e5 2. Nc3 Nc6 3. g3 Bc5 4. Bg2 d6 5. Nge2 Bg4 6. Na4 Nd4 7. Nac3 Nf3+ 8. Bxf3 Bxf3 9. 0-0 Qd7 10. Nd5 Qg4 11. Re1 Nf6 12. Nxf6+ gxf6 13. c3 Bxe4 14. Qa4+ b5 0-1